MARC

Tag First Indicator Second Indicator Subfields
LEADER 00000nam a2200000Ia 4500
001 in00004333621
005 20200812094108.0
006 m g d
007 cr bn |||a|bb|
008 091216s1659 xx o 000 0 eng d
040 |a UMI  |c UMI  |e dcrb 
035 |a (OCoLC)489263700 
037 |a CL0037000132  |b ProQuest. 789 E. Eisenhower Parkway, Ann Arbor, MI 48108-3218 
043 |a e-uk-en  |a e-uk--- 
090 |a DA425  |b .B35 1659 
049 |a UMIA 
245 0 0 |a Ballade, to an old tune. Tom of Bedlam. 
260 |a [S.l. :  |b publisher not identified,  |c 1659?] 
300 |a 1 online resource (1sheet ([1] pages) 
336 |a text  |b txt  |2 rdacontent 
337 |a computer  |b c  |2 rdamedia 
338 |a online resource  |b cr  |2 rdacarrier 
500 |a Caption title. 
500 |a Date of publication suggested by Wing (2nd edition). 
500 |a A satire against the English army. 
500 |a Reproduction of original in: Beinecke Rare Book and Manuscript Library. 
510 4 |a Wing (2nd edition)  |c B604D 
533 |a Electronic reproduction.  |b Ann Arbor, Mich. :  |c UMI,  |d 1999-  |f (Early English books online)  |n Digital version of: (Early English Books, 1641-1700 ; 2947:18)  |7 s1999 miun s 
650 0 |a Political ballads and songs  |z England  |v Early works to 1800. 
610 1 0 |a England and Wales.  |b Army  |v Humor  |v Early works to 1800. 
651 0 |a Great Britain  |x History  |y Commonwealth and Protectorate, 1649-1660  |v Early works to 1800. 
655 7 |a Broadsides  |z England  |y 17th century.  |2 rbgenr 
740 0 |a Tom of Bedlam. 
830 0 |a Early English books online. 
856 4 0 |u http://proxy.library.tamu.edu/login?url=https://search.proquest.com/docview/2240895915  |z Connect to the full text of this electronic book  |t 0 
994 |a 02  |b UMI 
999 f f |s f4d00827-db83-3a17-ba06-b131ec2f2f63  |i 0ac73686-40c8-3765-b9a7-ca5fdd189bb9  |t 0 
952 f f |a Texas A&M University  |b College Station  |c Electronic Resources  |d Available Online  |t 0  |e DA425 .B35 1659  |h Library of Congress classification 
998 f f |a DA425 .B35 1659  |t 0  |l Available Online